Statistics for 2022 NCAAF 1000+ Yard Rushers

Click here to take the quiz!

General Stats

  • This quiz has been taken 8 times
  • The average score is 7 of 40

Answer Stats

TeamClassHeight/WeightYardsTDYPCBirthplacePlayer% Correct
MichiganJR5' 8", 213 lbs1,463185.9Marshall, VABlake Corum
100%
TexasJR5' 11", 215 lbs1,580186.1Tucson, AZBijan Robinson
57%
UNLVJR6' 3", 240 lbs1,01194.8Louisville, KYAidan Robbins
43%
WisconsinSO6' 2", 245 lbs1,242115.4Fond Du Lac, WIBraelon Allen
43%
Kansas StateJR5' 6", 176 lbs1,55895.3Round Rock, TXDeuce Vaughn
43%
Penn StateFR6' 0", 224 lbs1,061126.8Shillington, PANicholas Singleton
43%
OregonSO5' 10", 195 lbs1,05856.8Chicago, ILBucky Irving
29%
Ball StateSO6' 1", 225 lbs1,556145.4Greenwood, INCarson Steele
29%
IllinoisJR5' 9", 215 lbs1,643105.0London, ONChase Brown
29%
KansasSO5' 11", 210 lbs1,09096.1Lawrence, KSDevin Neal
29%
OklahomaSR5' 10", 210 lbs1,366116.4Memphis, TNEric Gray
29%
TCUJR6' 0", 220 lbs1,399176.2Mount Enterprise, TXKendre Miller
29%
MinnesotaSR5' 8", 203 lbs1,665205.2Baltimore, MDMohamed Ibrahim
29%
Ole MissFR5' 11", 210 lbs1,567165.7Pike Road, ALQuinshon Judkins
29%
ArkansasSO6' 2", 242 lbs1,443106.5Rockledge, FLRaheim Sanders
29%
ClemsonSO5' 11", 210 lbs1,182155.6Weddington, NCWill Shipley
29%
Southern MissSO5' 8", 195 lbs1,38296.1Miami, FLFrank Gore Jr.
14%
East CarolinaSO5' 9", 191 lbs1,452147.2McDonough, GAKeaton Mitchell
14%
Eastern MichiganSR6' 0", 217 lbs1,166154.7Crystal Lake, ILSamson Evans
14%
UCLASR6' 1", 214 lbs1,359147.0Camarillo, CAZach Charbonnet
14%
Air ForceSR5' 11", 205 lbs1,728175.0Arvada, COBrad Roberts
0%
USFSO5' 7", 170 lbs1,18686.7Sarasota, FLBrian Battie
0%
Utah StateSR5' 8", 210 lbs1,12274.4Beaumont, TXCalvin Tyler Jr.
0%
Texas A&MJR5' 9", 188 lbs1,10285.6Missouri City, TXDe'Von Achane
0%
UABJR5' 10", 209 lbs1,713197.4Starke, FLDeWayne McBride
0%
Boise StateJR5' 11", 210 lbs1,157105.2Bellflower, CAGeorge Holani
0%
PittsburghJR5' 11", 215 lbs1,431206.0Brooklyn, NYIsrael Abanikanda
0%
Fresno StateSR5' 10", 206 lbs1,370185.2East Palo Alto, CAJordan Mims
0%
MarshallSR5' 11", 212 lbs1,513165.0Virginia Beach, VAKhalan Laborn
0%
TroySO5' 8", 215 lbs1,132104.9Marietta, GAKimani Vidal
0%
South AlabamaSO5' 7", 210 lbs1,062135.1Opelika, ALLa'Damian Webb
0%
FAUJR5' 11", 204 lbs1,00475.2Birmingham, ALLarry McCammon
0%
Ball StateJR5' 8", 184 lbs1,331134.7Gaithersburg, MDMarquez Cooper
0%
VanderbiltSR5' 10", 216 lbs1,04254.5San Francisco, CARay Davis
0%
SyracuseSO5' 10", 210 lbs1,060115.1Owings Mills, MDSean Tucker
0%
Western MichiganJR5' 8", 185 lbs1,02774.9Richton Park, ILSean Tyler
0%
OhioFR6' 0", 209 lbs1,078134.9Bowie, MDSieh Bangura
0%
WyomingJR5' 11", 202 lbs1,03985.0Fort Worth, TXTitus Swen
0%
TulaneJR5' 10", 200 lbs1,581196.9Ponchatoula, LATyjae Spears
0%
Arizona StateSR6' 0", 198 lbs1,192165.5Chicago, ILXazavian Valladay
0%

Score Distribution

Percentile by Number Answered

Percent of People with Each Score

Your Score History

You have not taken this quiz